[Event "Arco op 45th"]
[Site "Arco"]
[Date "2023.10.09"]
[Round "3"]
[White "Bozzao, Francesco"]
[Black "Bellincampi, Stefano"]
[Result "0-1"]
[WhiteElo "1783"]
[BlackElo "1980"]
[PlyCount "116"]
[EventDate "2023.10.07"]
[EventType "swiss"]
[EventRounds "9"]
[EventCountry "ITA"]
[SourceTitle "Mega2024 Update 01"]
[Source "Chessbase"]
[SourceDate "2023.11.12"]
[SourceVersion "1"]
[SourceVersionDate "2023.11.12"]
[SourceQuality "1"]

1. d4 Nf6 2. c4 e6 3. Nf3 Bb4+ 4. Bd2 Qe7 5. Qc2 Bxd2+ 6. Nbxd2 d5 7. e3 0-0 8. Bd3 c6 9. 0-0 Nbd7 10. Rfe1 Rd8 11. Rad1 h6 12. a3 a5 13. cxd5 exd5 14. e4 dxe4 15. Nxe4 Nxe4 16. Rxe4 Qf8 17. Rde1 Nf6 18. Re7 Nd5 19. R7e4 Bf5 20. Re5 Bg4 21. Nh4 Re8 22. h3 Be6 23. Bc4 Nc7 24. Bxe6 Rxe6 25. Qe4 Rae8 26. Nf3 Qd6 27. Kh1 f6 28. Rxe6 Rxe6 29. Qg4 Rxe1+ 30. Nxe1 Qe6 31. Qxe6+ Nxe6 32. Nc2 Kf7 33. Kg1 Ke7 34. Kf1 Kd6 35. Ke2 Kd5 36. Ke3 Kc4 37. b4 axb4 38. d5 cxd5 39. Nxb4 g6 40. g3 d4+ 41. Kd2 Nc5 42. f3 Kb3 43. h4 Kxa3 44. Nc2+ Ka4 45. Nxd4 Nb3+ 46. Nxb3 Kxb3 47. Kd3 b5 48. h5 gxh5 49. Ke4 Kc4 50. Kf5 b4 51. Kxf6 b3 52. Kg6 b2 53. Kxh5 b1Q 54. Kxh6 Qf5 55. g4 Qxf3 56. g5 Qf8+ 57. Kh7 Qf7+ 58. Kh6 Qg8 0-1

[Event "Forni di Sopra op 14th"]
[Site "Forni di Sopra"]
[Date "2023.06.16"]
[Round "8"]
[White "Bellincampi, Stefano"]
[Black "Srikant Koduri, Advaitt"]
[Result "0-1"]
[WhiteElo "1969"]
[BlackElo "1858"]
[PlyCount "48"]
[EventDate "2023.06.10"]
[EventType "swiss"]
[EventRounds "9"]
[EventCountry "ITA"]
[SourceTitle "CBM 214 Extra"]
[Source "ChessBase"]
[SourceDate "2023.07.31"]
[SourceVersion "1"]
[SourceVersionDate "2023.07.31"]
[SourceQuality "1"]

1. e4 c5 2. c3 Nf6 3. e5 Nd5 4. Nf3 Nc6 5. Bc4 Nb6 6. Bb3 c4 7. Bc2 d6 8. exd6 Qxd6 9. 0-0 Bg4 10. Re1 e6 11. Qe2 Be7 12. b3 cxb3 13. axb3 0-0 14. d4 Nd5 15. Be4 Rfe8 16. Qc2 Kh8 17. Ng5 Bxg5 18. Bxg5 e5 19. Bxd5 Qxd5 20. dxe5 Nxe5 21. Nd2 Re6 22. Qe4 Nf3+ 23. gxf3 Rxe4 24. Nxe4 Bxf3 0-1

[Event "Forni di Sopra op 14th"]
[Site "Forni di Sopra"]
[Date "2023.06.13"]
[Round "5"]
[White "Ridolfo, Enrico"]
[Black "Bellincampi, Stefano"]
[Result "0-1"]
[WhiteElo "2085"]
[BlackElo "1969"]
[PlyCount "148"]
[EventDate "2023.06.10"]
[EventType "swiss"]
[EventRounds "9"]
[EventCountry "ITA"]
[SourceTitle "CBM 214 Extra"]
[Source "ChessBase"]
[SourceDate "2023.07.31"]
[SourceVersion "1"]
[SourceVersionDate "2023.07.31"]
[SourceQuality "1"]

1. f4 c5 2. Nf3 Nc6 3. g3 g6 4. Bg2 Bg7 5. d3 d5 6. 0-0 Nf6 7. Nc3 0-0 8. e4 d4 9. Ne2 Bg4 10. h3 Bxf3 11. Bxf3 Qd7 12. Kh2 Rad8 13. g4 Ne8 14. Ng3 e6 15. Qe2 Ne7 16. Bd2 Nd6 17. b3 b6 18. a4 a6 19. Rae1 Rde8 20. Qg2 Kh8 21. Rg1 Qc7 22. Kh1 Rg8 23. e5 Ndc8 24. a5 b5 25. Rgf1 Ref8 26. Rf2 Na7 27. Ne4 b4 28. Ra1 Nb5 29. Nf6 Bxf6 30. exf6 Nc8 31. Bb7 Ncd6 32. Bxa6 Na3 33. Bc1 Ra8 34. Bc4 Rxa5 35. Bxa3 bxa3 36. Ra2 Rb8 37. Qg3 Nxc4 38. dxc4 Qc6+ 39. Qf3 Qxf3+ 40. Rxf3 Kg8 41. Rd3 h6 42. Rd1 g5 43. fxg5 hxg5 44. Rda1 Rba8 45. Kg2 Kh7 46. Kg3 Kg6 47. Rf1 e5 48. Rf5 e4 49. Kf2 Rb8 50. Ke2 Rb6 51. Kd2 e3+ 52. Kd3 Re6 53. Ke2 Rxf6 54. b4 Ra4 55. bxc5 Rxf5 56. gxf5+ Kxf5 57. c3 Ke4 58. cxd4 Kxd4 59. c6 f5 60. c5 f4 61. c7 Ra8 62. Rxa3 Rc8 63. Ra7 Kxc5 64. Ra5+ Kd6 65. Rxg5 Rxc7 66. Rf5 Rc2+ 67. Ke1 Rf2 68. h4 Ke6 69. Rf8 Ke5 70. Re8+ Kf5 71. h5 Rh2 72. Rh8 Kg4 73. Rg8+ Kf3 74. Rg1 Rxh5 0-1

[Event "Arco op 44th"]
[Site "Arco"]
[Date "2022.10.14"]
[Round "7"]
[White "Hirzel, Rene"]
[Black "Bellincampi, Stefano"]
[Result "1/2-1/2"]
[WhiteElo "2119"]
[BlackElo "1989"]
[PlyCount "35"]
[EventDate "2022.10.08"]
[EventType "swiss"]
[EventRounds "9"]
[EventCountry "ITA"]
[SourceTitle "CBM 210 Extra"]
[Source "ChessBase"]
[SourceDate "2022.11.30"]
[SourceVersion "1"]
[SourceVersionDate "2022.11.30"]
[SourceQuality "1"]

1. c4 e6 2. Nc3 d5 3. e3 Nf6 4. Nf3 dxc4 5. Bxc4 a6 6. a4 c5 7. 0-0 Nc6 8. b3 Be7 9. Bb2 0-0 10. Ne2 Qc7 11. Qc2 h6 12. d4 cxd4 13. Nexd4 Nxd4 14. Nxd4 Bd7 15. Rac1 Rac8 16. Qe2 Qb8 17. Rfd1 Rfd8 18. h3 1/2-1/2

[Event "Arco op 43rd"]
[Site "Arco"]
[Date "2021.10.14"]
[Round "6"]
[White "Favaloro, Andrea"]
[Black "Bellincampi, Stefano"]
[Result "1/2-1/2"]
[WhiteElo "2388"]
[BlackElo "2029"]
[PlyCount "72"]
[EventDate "2021.10.09"]
[EventType "swiss"]
[EventRounds "9"]
[EventCountry "ITA"]
[SourceTitle "CBM 204 Extra"]
[Source "ChessBase"]
[SourceDate "2021.11.30"]
[SourceVersion "1"]
[SourceVersionDate "2021.11.30"]
[SourceQuality "1"]

1. c4 e6 2. g3 d5 3. Bg2 Nf6 4. Nf3 d4 5. 0-0 c5 6. e3 Nc6 7. exd4 cxd4 8. d3 h6 9. Bf4 Nd7 10. Re1 Bb4 11. Re2 Bc5 12. Na3 0-0 13. Nc2 a5 14. b3 Re8 15. a3 e5 16. Bd2 f6 17. b4 axb4 18. axb4 Rxa1 19. Qxa1 Bf8 20. Qe1 Ne7 21. h3 Nb6 22. Bc1 Bf5 23. Rd2 Qc8 24. Kh2 Nc6 25. c5 Na4 26. Nh4 Bh7 27. Be4 f5 28. Bd5+ Kh8 29. Bf7 Re7 30. Ng6+ Bxg6 31. Bxg6 Nc3 32. Qf1 Qe6 33. Bh5 Qb3 34. Bg6 Qe6 35. Bh5 Qb3 36. Bg6 Qe6 1/2-1/2

[Event "Porto San Giorgio op"]
[Site "Porto San Giorgio"]
[Date "2019.08.25"]
[Round "3"]
[White "Romanishin, Oleg M"]
[Black "Bellincampi, Stefano"]
[Result "1-0"]
[WhiteElo "2452"]
[BlackElo "1995"]
[PlyCount "81"]
[EventDate "2019.08.24"]
[EventType "swiss"]
[EventRounds "9"]
[EventCountry "ITA"]
[SourceTitle "EXT 2020"]
[Source "ChessBase"]
[SourceDate "2019.10.17"]
[SourceVersion "1"]
[SourceVersionDate "2019.10.17"]
[SourceQuality "1"]

1. d4 Nf6 2. Nf3 d5 3. c4 e6 4. g3 Bb4+ 5. Bd2 Be7 6. Bg2 0-0 7. 0-0 c6 8. Bf4 b6 9. Nc3 Bb7 10. Rc1 Nh5 11. Be5 Nd7 12. cxd5 cxd5 13. Nb5 Nxe5 14. dxe5 a6 15. Nbd4 Qd7 16. Qb3 b5 17. Qe3 g6 18. Ne1 Rfc8 19. Nd3 Ng7 20. Nb3 Qd8 21. Ndc5 Bc6 22. Nd4 Be8 23. b4 Nf5 24. Nxf5 gxf5 25. Rc2 a5 26. a3 axb4 27. axb4 Bc6 28. Qd4 Qe8 29. Rfc1 Bd8 30. e3 Bb6 31. Qh4 Bd8 32. Qf4 Qe7 33. Bf1 Be8 34. Bd3 Bb6 35. g4 Qh4 36. gxf5 Qxf4 37. exf4 Ra3 38. Rc3 Rca8 39. Rxa3 Rxa3 40. Bf1 Rf3 41. Nd3 1-0

[Event "Veneto-ch qf 78th"]
[Site "Padova"]
[Date "2019.02.15"]
[Round "1.7"]
[White "Bellincampi, Stefano"]
[Black "Rossi, Carlo"]
[Result "0-1"]
[WhiteElo "2009"]
[BlackElo "2256"]
[PlyCount "130"]
[EventDate "2019.02.15"]
[EventType "swiss"]
[EventRounds "5"]
[EventCountry "ITA"]
[SourceTitle "EXT 2024"]
[Source "ChessBase"]
[SourceDate "2023.10.10"]
[SourceVersion "1"]
[SourceVersionDate "2023.10.10"]
[SourceQuality "1"]

1. Nf3 d6 2. d4 Bg4 3. e4 Nf6 4. Nc3 e6 5. h3 Bh5 6. Qe2 Nc6 7. g4 Bg6 8. d5 exd5 9. exd5+ Ne7 10. Nh4 Qd7 11. Nxg6 hxg6 12. Bg2 0-0-0 13. Be3 Kb8 14. 0-0-0 Nc8 15. Qc4 Re8 16. Rd4 Be7 17. Qb3 Bd8 18. Rb4 Nb6 19. a4 a5 20. Rd4 Re5 21. Rhd1 Rhe8 22. Kb1 Rxe3 23. fxe3 Rxe3 24. R4d3 Re5 25. Nb5 Qe8 26. Qc3 Nxa4 27. Qxa5 Nc5 28. Rd4 Kc8 29. Na7+ Kd7 30. Qb5+ Ke7 31. Qxe8+ Kxe8 32. Nb5 Re2 33. R4d2 Re3 34. Nc3 Kd7 35. Re2 Rg3 36. Rf1 c6 37. dxc6+ bxc6 38. Rf3 Rxf3 39. Bxf3 d5 40. b4 Ne6 41. Rd2 Kd6 42. Ne2 Ke5 43. c3 Bb6 44. Kc2 Nh7 45. Kd3 Nhg5 46. Bg2 f5 47. Rd1 f4 48. Rf1 Ne4 49. Ra1 g5 50. Ra6 N6c5+ 51. bxc5 Nxc5+ 52. Kd2 Nxa6 53. Nc1 Be3+ 54. Kc2 Bxc1 55. Kxc1 Nc5 56. c4 Kd4 57. cxd5 cxd5 58. Kd2 Ne4+ 59. Ke2 Nc3+ 60. Kd2 Na4 61. Ke2 Nb6 62. Kd2 Nc4+ 63. Ke2 Ne3 64. Bf3 Kc3 65. Kf2 d4 0-1

[Event "EU-Cup 34th"]
[Site "Porto Carras"]
[Date "2018.10.18"]
[Round "7.3"]
[White "Healy, John"]
[Black "Bellincampi, Stefano"]
[Result "0-1"]
[WhiteElo "1919"]
[BlackElo "2078"]
[PlyCount "72"]
[EventDate "2018.10.12"]
[EventType "team-swiss"]
[EventRounds "7"]
[EventCountry "GRE"]
[SourceTitle "CBM 187"]
[Source "ChessBase"]
[SourceDate "2018.12.11"]
[SourceVersion "1"]
[SourceVersionDate "2018.12.11"]
[SourceQuality "1"]
[WhiteTeam "St Benildus"]
[BlackTeam "Lazio Scacchi"]
[WhiteTeamCountry "IRL"]
[BlackTeamCountry "ITA"]

1. c4 e6 2. g3 d5 3. Bg2 Nf6 4. Nf3 d4 5. 0-0 c5 6. d3 Bd6 7. Bg5 h6 8. Bxf6 Qxf6 9. Nbd2 0-0 10. Ne4 Qe7 11. e3 Nc6 12. exd4 cxd4 13. Nxd6 Qxd6 14. a3 a5 15. Re1 Re8 16. Qc2 e5 17. Re2 Bg4 18. h3 Bh5 19. g4 Bg6 20. Nd2 Re7 21. c5 Qc7 22. Rae1 f6 23. Ne4 Nd8 24. Nd6 Rb8 25. b4 axb4 26. axb4 Ne6 27. Bd5 Kh7 28. Bxe6 Rxe6 29. f4 Bf7 30. fxe5 fxe5 31. Rxe5 Rxd6 32. cxd6 Qxc2 33. Re7 Bd5 34. R1e2 Qd1+ 35. Kh2 Qxd3 36. d7 Rd8 0-1

[Event "Porto San Giorgio op 28th"]
[Site "Porto San Giorgio"]
[Date "2018.08.30"]
[Round "8"]
[White "Bellincampi, Stefano"]
[Black "Horvath, Csaba"]
[Result "0-1"]
[WhiteElo "2060"]
[BlackElo "2519"]
[PlyCount "84"]
[EventDate "2018.08.24"]
[EventType "swiss"]
[EventRounds "9"]
[EventCountry "ITA"]
[SourceTitle "CBM 186 Extra"]
[Source "ChessBase"]
[SourceDate "2018.08.24"]
[SourceVersion "1"]
[SourceVersionDate "2018.08.24"]
[SourceQuality "1"]

1. e4 g6 2. d4 Bg7 3. Nf3 d6 4. Bc4 a6 5. a4 e6 6. Bb3 b6 7. c3 Bb7 8. Qe2 Nd7 9. Nbd2 Ngf6 10. Bc2 0-0 11. 0-0 c5 12. Re1 Qc7 13. Nf1 cxd4 14. cxd4 Rfc8 15. Bd3 e5 16. dxe5 dxe5 17. Ng3 Nc5 18. Bc2 a5 19. Rd1 Ba6 20. Qe1 Rd8 21. Bg5 h6 22. Bxf6 Bxf6 23. Rac1 Rac8 24. Nf1 Qc6 25. Ne3 Rxd1 26. Rxd1 Nxe4 27. Bxe4 Qxe4 28. Nd5 Qxe1+ 29. Rxe1 Kg7 30. Nxf6 Kxf6 31. Nxe5 Rd8 32. b4 Rd4 33. b5 Bc8 34. f3 Rxa4 35. Nc6 Be6 36. Rb1 Rc4 37. Kf2 a4 38. Ra1 Bd7 39. Ra2 Bxc6 40. bxc6 b5 41. Rb2 b4 42. Ke3 a3 0-1

[Event "Porto San Giorgio op 28th"]
[Site "Porto San Giorgio"]
[Date "2018.08.26"]
[Round "3"]
[White "Bruno, Fabio"]
[Black "Bellincampi, Stefano"]
[Result "1-0"]
[WhiteElo "2438"]
[BlackElo "2060"]
[PlyCount "105"]
[EventDate "2018.08.24"]
[EventType "swiss"]
[EventRounds "9"]
[EventCountry "ITA"]
[SourceTitle "CBM 186 Extra"]
[Source "ChessBase"]
[SourceDate "2018.08.24"]
[SourceVersion "1"]
[SourceVersionDate "2018.08.24"]
[SourceQuality "1"]

1. d4 Nf6 2. Nf3 d5 3. c4 e6 4. Nc3 a6 5. cxd5 exd5 6. Bg5 Be6 7. e3 Nbd7 8. Bd3 Bd6 9. Qc2 c6 10. 0-0 Qc7 11. Bf5 0-0 12. Rac1 Rac8 13. Bd3 Rfe8 14. Rfe1 Bg4 15. h3 Bxf3 16. gxf3 h6 17. Bxf6 Nxf6 18. Kh1 Qd8 19. Rg1 Rc7 20. Qd1 Bf8 21. Qf1 Rce7 22. Qg2 Qd6 23. Ne2 Kh8 24. Rcd1 Nh5 25. a3 Qf6 26. Qg4 g6 27. f4 Ng7 28. Ng3 h5 29. Qf3 h4 30. Nf1 Nf5 31. Bxf5 Qxf5 32. Rg5 Qe4 33. Qxe4 Rxe4 34. Nd2 R4e6 35. Rdg1 Be7 36. R5g4 Rg8 37. f5 Rd6 38. Nf3 Kg7 39. fxg6 fxg6 40. Nxh4 Bxh4 41. Rxh4 Rf8 42. Rg2 Rf3 43. Kg1 Rdf6 44. Rh2 R6f5 45. Rg4 Kf6 46. Rhg2 Rxh3 47. Rxg6+ Ke7 48. Rg7+ Rf7 49. Rxf7+ Kxf7 50. Rh2 Rxh2 51. Kxh2 Kf6 52. Kg3 Ke6 53. f3 1-0

[Event "EU-Cup 32nd"]
[Site "Novi Sad"]
[Date "2016.11.08"]
[Round "3.6"]
[White "Bellincampi, Stefano"]
[Black "Benson, Oisin P"]
[Result "1/2-1/2"]
[WhiteElo "2014"]
[BlackElo "1972"]
[PlyCount "84"]
[EventDate "2016.11.06"]
[EventType "team-swiss"]
[EventRounds "7"]
[EventCountry "SRB"]
[SourceTitle "CBM 176"]
[Source "ChessBase"]
[SourceDate "2017.01.17"]
[SourceVersion "1"]
[SourceVersionDate "2017.01.17"]
[SourceQuality "1"]
[WhiteTeam "Rome Steinitz"]
[BlackTeam "Dublin Trinity College"]
[WhiteTeamCountry "ITA"]
[BlackTeamCountry "IRL"]

1. d4 Nf6 2. c4 g6 3. Nc3 Bg7 4. e4 d6 5. h3 0-0 6. Bg5 h6 7. Be3 e5 8. d5 a5 9. Nf3 Na6 10. g4 Nc5 11. Nd2 c6 12. Be2 cxd5 13. cxd5 Ne8 14. Qc2 f5 15. gxf5 gxf5 16. 0-0-0 fxe4 17. Ndxe4 Bf5 18. f3 Rc8 19. Kb1 Qh4 20. Bd3 Nxd3 21. Qxd3 Nf6 22. Ka1 a4 23. Qd2 Nxe4 24. Nxe4 a3 25. Rdg1 axb2+ 26. Kxb2 Kh7 27. Ka1 Rc4 28. Nxd6 Rc2 29. Nxf5 Qa4 30. Rxg7+ Kh8 31. Qxc2 Qxc2 32. Rxb7 Qc3+ 33. Kb1 Qd3+ 34. Ka1 Qc3+ 35. Kb1 Qd3+ 36. Ka1 Rxf5 37. Rc1 Rf8 38. Bxh6 Ra8 39. Rcc7 Qd4+ 40. Kb1 Qd3+ 41. Ka1 Qd4+ 42. Kb1 Qd3+ 1/2-1/2

[Event "Arco op 35th"]
[Site "Arco"]
[Date "2013.10.14"]
[Round "3"]
[White "Bellincampi, Stefano"]
[Black "Meister, Peter"]
[Result "0-1"]
[WhiteElo "2017"]
[BlackElo "2399"]
[PlyCount "100"]
[EventDate "2013.10.12"]
[EventType "swiss"]
[EventRounds "9"]
[EventCountry "ITA"]
[SourceTitle "CBM 156 Extra"]
[Source "ChessBase"]
[SourceDate "2013.10.22"]
[SourceVersion "1"]
[SourceVersionDate "2013.10.22"]
[SourceQuality "1"]

1. e4 e6 2. d4 d5 3. Nd2 Nf6 4. e5 Nfd7 5. c3 c5 6. Bd3 Nc6 7. Ne2 cxd4 8. cxd4 f6 9. exf6 Nxf6 10. Nf3 Bd6 11. 0-0 Qc7 12. Bg5 0-0 13. Bh4 Nh5 14. Qc2 h6 15. Bh7+ Kh8 16. Bg6 Nf4 17. Nxf4 Bxf4 18. Bg3 Qb6 19. Rad1 Bd7 20. Rfe1 Rac8 21. Qe2 Bxg3 22. hxg3 Rf6 23. Bb1 Be8 24. Ne5 Nxd4 25. Qd3 Nf5 26. g4 Bb5 27. Qh3 Ne7 28. g5 Qxf2+ 29. Kh1 Rf4 30. Ng4 Rxg4 31. Qxg4 Rc4 32. Be4 Rxe4 33. Rxe4 dxe4 34. gxh6 Nf5 35. hxg7+ Nxg7 36. Rd8+ Kh7 37. Qxe4+ Qf5 38. Qe3 Bc6 39. Qg3 e5 40. Kg1 Qf4 41. Qh3+ Kg6 42. Rd6+ Kf7 43. Qh7 Qg3 44. Qc2 e4 45. Qc4+ Ke7 46. Rd4 Ne6 47. Rd1 e3 48. Qc2 Ng5 49. Rf1 Nh3+ 50. Kh1 Nf2+ 0-1

[Event "ITA-ch B"]
[Site "Civitanova Marche"]
[Date "2012.07.20"]
[Round "6"]
[White "Bellincampi, Stefano"]
[Black "Gattafoni, Alessio"]
[Result "1/2-1/2"]
[WhiteElo "2069"]
[BlackElo "1985"]
[PlyCount "91"]
[EventDate "2012.07.15"]
[EventType "swiss"]
[EventRounds "8"]
[EventCountry "ITA"]
[SourceTitle "EXT 2023"]
[Source "ChessBase"]
[SourceDate "2022.10.05"]
[SourceVersion "1"]
[SourceVersionDate "2022.10.05"]
[SourceQuality "1"]

1. e4 e6 2. d4 d5 3. Nd2 dxe4 4. Nxe4 Nf6 5. Nxf6+ Qxf6 6. Nf3 h6 7. Be3 Nd7 8. Qd2 Bd6 9. 0-0-0 0-0 10. Be2 b6 11. g4 Bb7 12. g5 Qf5 13. gxh6 Bxf3 14. hxg7 Rfd8 15. Rhg1 Nf6 16. Rg5 Qh3 17. Rg3 Bxg3 18. Bxf3 Bf4 19. Bxa8 Bxe3 20. fxe3 Rxa8 21. Qe2 Ng4 22. Re1 Rd8 23. Kd2 Qxh2 24. Qxh2 Nxh2 25. Rh1 Nf3+ 26. Ke2 Nxd4+ 27. exd4 Rxd4 28. Rg1 Rh4 29. Rg3 c5 30. Kd2 Rh7 31. Ra3 Rxg7 32. Rxa7 Rg4 33. a4 Kf8 34. a5 bxa5 35. Rxa5 Rg5 36. Ra7 Rd5+ 37. Ke2 Kg7 38. Rc7 Kg6 39. c3 f5 40. Rc8 Kf6 41. Ke3 c4 42. Rxc4 Rb5 43. b4 Ke5 44. Rc8 Rb7 45. Rc5+ Kd6 46. Rc8 1/2-1/2

[Event "Porto San Giorgio op 23rd"]
[Site "Porto San Giorgio"]
[Date "2011.08.27"]
[Round "8"]
[White "Bellincampi, Stefano"]
[Black "Voltolini, Giuseppe"]
[Result "0-1"]
[WhiteElo "2067"]
[BlackElo "2229"]
[PlyCount "92"]
[EventDate "2011.08.21"]
[EventType "swiss"]
[EventRounds "9"]
[EventCountry "ITA"]
[SourceTitle "CBM 144 Extra"]
[Source "ChessBase"]
[SourceDate "2011.10.28"]
[SourceVersion "1"]
[SourceVersionDate "2011.10.28"]
[SourceQuality "1"]

1. e4 c5 2. c3 e6 3. d4 d5 4. exd5 exd5 5. Nf3 Bd6 6. Bb5+ Nc6 7. dxc5 Bxc5 8. 0-0 Nge7 9. Nbd2 0-0 10. Nb3 Bd6 11. Bd3 h6 12. h3 Nf5 13. Bc2 Be6 14. Qd3 g6 15. Qd1 h5 16. Bxf5 Bxf5 17. Be3 Be6 18. Qd2 Qc7 19. Nbd4 a6 20. Bh6 Rfe8 21. Nxc6 bxc6 22. Qd4 Bf8 23. Bxf8 Rxf8 24. b4 c5 25. bxc5 Rac8 26. Rfe1 Qxc5 27. Re3 Rfd8 28. Qf6 d4 29. cxd4 Qf5 30. Qe7 Rd7 31. Qa3 Qb5 32. Rae1 Qd5 33. Re5 Qxa2 34. Qxa2 Bxa2 35. Ra5 Bd5 36. Ne5 Rd6 37. Nd3 Bc4 38. Nc5 Rxd4 39. Rea1 Rd5 40. Ne4 Rxa5 41. Rxa5 Bb5 42. f3 Rc1+ 43. Kf2 Rc2+ 44. Kg1 Kf8 45. h4 Rc4 46. Nd6 Ra4 0-1

[Event "Porto San Giorgio op 23rd"]
[Site "Porto San Giorgio"]
[Date "2011.08.26"]
[Round "7"]
[White "Bellincampi, Stefano"]
[Black "Burani, Eugenio"]
[Result "1-0"]
[WhiteElo "2067"]
[BlackElo "1943"]
[PlyCount "91"]
[EventDate "2011.08.21"]
[EventType "swiss"]
[EventRounds "9"]
[EventCountry "ITA"]
[SourceTitle "CBM 144 Extra"]
[Source "ChessBase"]
[SourceDate "2011.10.28"]
[SourceVersion "1"]
[SourceVersionDate "2011.10.28"]
[SourceQuality "1"]

1. e4 c5 2. c3 Nf6 3. e5 Nd5 4. Nf3 Nc6 5. d4 cxd4 6. cxd4 d6 7. Bc4 e6 8. 0-0 Be7 9. Qe2 0-0 10. Re1 Bd7 11. Nc3 Nxc3 12. bxc3 dxe5 13. dxe5 Qc7 14. Qe4 Na5 15. Bd3 g6 16. Bg5 Bxg5 17. Nxg5 h6 18. Nh3 Qd8 19. Re3 Kh7 20. Rg3 Rg8 21. Nf4 Bc6 22. Qe2 Qh4 23. Rg4 Qe7 24. Qe3 Be8 25. h4 Nc6 26. h5 Qf8 27. hxg6+ fxg6 28. Nh5 Rh8 29. Nf6+ Kg7 30. Qg3 Ne7 31. Be4 Nf5 32. Qf3 h5 33. Rg5 Kh6 34. Qf4 Kg7 35. Rb1 Rb8 36. Bxf5 exf5 37. Qxf5 Kh6 38. Qf4 Kg7 39. Qe4 Qf7 40. Nxe8+ Rhxe8 41. f4 Kh6 42. Qe3 Qxa2 43. Rf1 Rbd8 44. f5 Qd2 45. Rxg6+ Kh7 46. Qf3 1-0

[Event "Porto San Giorgio op 23rd"]
[Site "Porto San Giorgio"]
[Date "2011.08.23"]
[Round "4"]
[White "De Nisi, Giuseppe"]
[Black "Bellincampi, Stefano"]
[Result "1/2-1/2"]
[WhiteElo "1818"]
[BlackElo "2067"]
[PlyCount "53"]
[EventDate "2011.08.21"]
[EventType "swiss"]
[EventRounds "9"]
[EventCountry "ITA"]
[SourceTitle "CBM 144 Extra"]
[Source "ChessBase"]
[SourceDate "2011.10.28"]
[SourceVersion "1"]
[SourceVersionDate "2011.10.28"]
[SourceQuality "1"]

1. d4 Nf6 2. c4 e6 3. Nc3 Bb4 4. a3 Bxc3+ 5. bxc3 c5 6. Bg5 Qa5 7. Bd2 0-0 8. f3 Nc6 9. e4 d6 10. Bd3 e5 11. Ne2 Qd8 12. d5 Ne7 13. Bg5 Ng6 14. 0-0 h6 15. Bd2 Nh7 16. Ng3 Ne7 17. f4 exf4 18. Rxf4 Ng6 19. Rf1 Nf6 20. Qe1 Ng4 21. h3 N4e5 22. Be2 Kh7 23. Nh5 Rg8 24. Bxh6 gxh6 25. Nf6+ Kg7 26. Nh5+ Kh7 27. Nf6+ 1/2-1/2

[Event "Porto San Giorgio op 23rd"]
[Site "Porto San Giorgio"]
[Date "2011.08.22"]
[Round "2"]
[White "Balzano, Filli"]
[Black "Bellincampi, Stefano"]
[Result "0-1"]
[WhiteElo "1822"]
[BlackElo "2067"]
[PlyCount "224"]
[EventDate "2011.08.21"]
[EventType "swiss"]
[EventRounds "9"]
[EventCountry "ITA"]
[SourceTitle "CBM 144 Extra"]
[Source "ChessBase"]
[SourceDate "2011.10.28"]
[SourceVersion "1"]
[SourceVersionDate "2011.10.28"]
[SourceQuality "1"]

1. e4 c5 2. c3 d5 3. exd5 Qxd5 4. d4 g6 5. Nf3 Bg7 6. dxc5 Qxd1+ 7. Kxd1 Bg4 8. Be2 Nc6 9. h3 Bf5 10. Be3 Nf6 11. Bb5 0-0 12. Ke2 Nd5 13. Nd4 Nxe3 14. fxe3 Bd7 15. Na3 Rac8 16. Rad1 Rfd8 17. Bxc6 bxc6 18. Rd2 e5 19. Nf3 Be6 20. Rhd1 Rxd2+ 21. Rxd2 f6 22. b4 a5 23. Rb2 axb4 24. cxb4 Ra8 25. Nb1 Bxa2 26. Nc3 Bc4+ 27. Kf2 f5 28. e4 Bd3 29. Nd2 Bh6 30. Nf3 fxe4 31. Ne1 Rf8+ 32. Kg3 Bf4+ 33. Kg4 Bc4 34. Nxe4 Be6+ 35. Kh4 Rf5 36. g4 g5+ 37. Kh5 Rf8 38. Nxg5 Bd7 39. Ne4 Be8+ 40. Kh4 Kg7 41. g5 Bg6 42. Ng3 Bc1 43. Nh5+ Kg8 44. Re2 Rb8 45. Nf6+ Kf7 46. Rxe5 Rxb4+ 47. Ng4 Bf4 48. Re2 Rc4 49. Ng2 Bc7 50. Ra2 Ke6 51. Re2+ Kd7 52. N2e3 Rxc5 53. Nf6+ Kc8 54. Neg4 Bf4 55. Nxh7 Bxh7 56. Re8+ Kc7 57. Re7+ Kb6 58. Rxh7 Bxg5+ 59. Kg3 Rc3+ 60. Kg2 c5 61. Ne5 Bf4 62. Nd7+ Kb5 63. Rh5 Be3 64. Re5 Bd4 65. Rf5 Kb4 66. Rd5 Kc4 67. Rg5 Kb3 68. h4 Rc2+ 69. Kg3 c4 70. Nc5+ Kb2 71. h5 Rc1 72. Rd5 Rd1 73. Kg2 Rg1+ 74. Kh2 Rd1 75. Kg2 Rd2+ 76. Kh3 c3 77. Ne4 Kb3 78. Nxc3 Kxc3 79. Kg4 Kd3 80. Rf5 Rg2+ 81. Kh3 Rg1 82. Rf3+ Be3 83. Rg3 Rh1+ 84. Kg4 Ke4 85. Rh3 Rg1+ 86. Rg3 Rf1 87. Rh3 Rf8 88. h6 Rg8+ 89. Kh5 Bxh6 90. Ra3 Bf4 91. Kh4 Kf5 92. Ra5+ Be5 93. Kh3 Rg1 94. Ra4 Bf4 95. Ra5+ Ke4 96. Ra4+ Kf3 97. Ra3+ Be3 98. Ra2 Rg8 99. Ra4 Rh8+ 100. Rh4 Ra8 101. Rb4 Ra1 102. Rb2 Rg1 103. Ra2 Rg3+ 104. Kh4 Rg8 105. Ra5 Bf2+ 106. Kh5 Kf4 107. Ra4+ Kf3 108. Ra3+ Be3 109. Ra2 Rg5+ 110. Kh4 Rf5 111. Ra3 Rf8 112. Kh5 Rf6 0-1